| 000 | 00697nam a2200205 a 4500 | ||
|---|---|---|---|
| 003 | MX-MxUPN | ||
| 005 | 20221118063434.0 | ||
| 008 | 991125s1968 cr 000 0 spa u | ||
| 035 | _aUPN01000001400 | ||
| 040 |
_aMX-MxUPN _bspa _cMX-MxUPN |
||
| 041 | 0 | _aspa | |
| 050 | 4 |
_aLB1573 A425 _bA436 |
|
| 245 | 0 | 0 |
_aAlborada : _blibro de lectura : quinto año : guía para el maestro / _cBlanca S. de Solares ... [et al.]. |
| 260 |
_aCosta Rica : _bODECA, _c1968. |
||
| 300 | _a244 p. | ||
| 500 | _a"Aprobado por el Ministerio de Educación Oficio no. 433, 10 de julio de 1967" | ||
| 650 | 4 |
_aLectura _xEstudio y enseñanza (Elemental) _92805 |
|
| 700 | 1 |
_aSolares, Blanca S. de, _ecoaut. |
|
| 905 | _aLibro | ||
| 999 |
_c1400 _d1400 |
||